000 00999nam a22002657a 4500
005 20240530111002.0
008 231127s2007 ua ak f 000 0 ara d
017 _a2007/25146
_bمصر. دار الكتب
020 _a9789776270220
040 _aEG-CaGPL
_cEG-CaGPL
082 4 0 _221
_a615.8
_bب أ
100 1 _aبروتو، لويس
245 2 1 _aالاستشفاء الذاتى =
_bSelf Healing /
_cتاليف لويس بروتو ؛ ترجمة قسم الترجمة بدار الفاروق
246 1 1 _aSelf Healing
250 _aط 1.
260 _aالقاهرة :
_bدار الفاروق للاستثمارات الثقافية،
_c2007.
300 _a182 ص. :
_bايض ؛
_c24 سم.
650 7 0 _2qrmak
_aالرعاية الصحية
650 7 0 _2qrmak
_aالعلاج
651 _2qrmak
653 0 _aالاستشفاء الذاتى
710 0 _aقسم الترجمة بدار الفاروق
_eمترجم
942 _2ddc
_cBK
999 _c67198
_d67198